Представление документа в формате RUSMARC

ПолеНазваниеЗначение
  Тип записи a
  Библиографический уровень m
001 Контрольный номер RU/CBS_UL/BASE/573572175
005 Дата корректировки 20240209174812.0
010 Индекс ISBN __
d Цена 312 р. 00 к.
9 Тираж экз.
100 Данные общей обработки __
a Данные общей обработки 20180305d2018 ||| 0rusy0189 ca
101 Язык документа 0_
a Язык текста rus
102 Страна публикации __
a Страна публикации RU
105 Кодированные данные (монография) __
a Кодированные данные (монография) y###||||000|y
200 Заглавие и сведения об ответственности 1_
a Заглавие Путешествия Гудси
b Общее обозначение материала Текст
e Сведения, относящиеся к заглавию А. Бакиханов как географ и путешественник
f Первые сведения об ответственности Н. К. Керемов
210 Выходные данные 1_
a Место издания Москва
c Издательство Мысль
d Дата издания 1977
215 Физическое описание __
a Объем 69 с.
c Иллюстрации/тип воспроизводства ил.
d Формат см.
225 Серия 0_
a Серия Замечательные географы и путешественники
300 Общие примечания __
a Общие примечания Ограничения по возрасту - 16+
300 Общие примечания __
a Общие примечания Под инв. номером 58761: 28-1
606 Тематические рубрики 0_
a Основная рубрика Бакиханов Аббас-Кули-ага
610 Ключевые слова 0_
a Ключевые слова путешествия
a Ключевые слова путешественники
a Ключевые слова географы
a Ключевые слова история
a Ключевые слова ученые
686 Индексы других классификаций __
a Классификационный индекс 26.8г
2 Код системы ББК
700 Автор _1
a Фамилия Керемов
b Имя (инициалы) Нуреддин Керем оглы
g Полное личное имя Н. К.
801 Источник записи _0
a Страна RU
b Организация МБУК ЦБС
c Дата составления 20180305
g Правила каталогизации RCR
801 Источник записи _1
a Страна RU
b Организация МБУК ЦБС г. Ульяновска
c Дата составления 20180305
g Правила каталогизации RCR
899 Данные о местонахождении __
i Авторский знак К 36
j Расстановочный фильтр 26.8
901 Тип документа __
t Тип документа m
910 Корректоры записи __
a Корректор записи Тихонова